00444 2200169 4500001002100000008004100021035002000062245005900082260002900141300002500170020001800195084001600213082001000229650001000239990001300249990001200262INLIS000000000000004 ind  a0010-0921000004 aMagical PrincessbKomik Next GcAzzahra Salma Alamsyah aBandungbMuffin Graphics a104c14,5 cm x 21 cm a9786023671823 a741.3 AZZ m a741.3 aKomik aDI. 2117 aDI 2117